Versailles - Choix multiples - Statistiques

Statistiques générales
  • Ce quiz a été pris 3 789 fois
    3 620 depuis la dernière actualisation
  • Le résultat moyen est 6 sur 10
Statistiques - réponses
Question Réponse % Correct
A l'issue de quelle guerre un traité de paix a-t-il été signé à Versailles ? Première Guerre mondiale
84%
Quel club de football représente la ville en troisième division masculine ? FC Versailles
78%
A qui confia-t-on la tâche d'aménager le parc et les jardins du château de Versailles ? André Le Nôtre
71%
Quel événement politique majeur a-t-il lieu à Versailles de nos jours ? Le Congrès du Parlement
68%
En quelle année le Roi fit-il installer définitivement la cour au château de Versailles ? 1682
63%
Parmi ces rois de France, lequel n’est pas né à Versailles ? Louis XIV
62%
Lequel de ces édifices est la cathédrale baroque Saint-Louis de Versailles ?
58%
Quelle gare, la plus fréquentée de Versailles, est notamment desservie par le RER C et la gare Montparnasse ? Gare de Versailles-Chantiers
49%
Quel département est limitrophe de Versailles ? Hauts-de-Seine
49%
À la suite de quel événement Versailles est-elle redevenue la capitale de la France pour neuf ans ? Commune de Paris
48%
Aucun quiz correspondant
Distribution des résultats
% des personnes avec chaque résultat
Percentile par nombre de réponses
Votre historique - résultats
Vous n’avez pas pris ce quiz depuis la dernière actualisation